Criterios para la elaboración de un sistema de administración de puentes a nivel nacional
Guardado en:
| Autor principal: | |
|---|---|
| Formato: | Libro |
| Publicado: |
[San José, Costa Rica]
2008
|
| Materias: | |
| Etiquetas: |
Agregar Etiqueta
Sin Etiquetas, Sea el primero en etiquetar este registro!
|
MARC
| LEADER | 00000nam a2200000Ia 4500 | ||
|---|---|---|---|
| 003 | 001095 | ||
| 005 | 20221231144101.0 | ||
| 008 | 140114s2008 cr a 000 ||s d | ||
| 040 | |c cru CEDI | ||
| 090 | |a TFG 5620 | ||
| 100 | |a Fonseca Quesada, María José |9 4419 | ||
| 245 | |a Criterios para la elaboración de un sistema de administración de puentes a nivel nacional | ||
| 260 | |c 2008 |b [San José, Costa Rica] | ||
| 300 | |a xiv, 163, [97] hojas; ilustraciones a color | ||
| 500 | |a Tesis (licenciatura en ingeniería civil)--Universidad de Costa Rica. Facultad de Ingeniería. Escuela de Ingeniería Civil | ||
| 650 | |x SISTEMAS DE INFORMACION |x PUENTES |x FABRICACION |x TRANSPORTE - MANTENIMIENTO Y REPARACION |x INSPECCION |x CARGA |9 4420 | ||
| 942 | |c TFG | ||
| 999 | |c 16641 |d 16641 | ||
